Statistics for US States Where the Value of a Dollar is the Least

Click here to take the quiz!

General Stats

  • This quiz has been taken 34 times
  • The average score is 9 of 10

Answer Stats

Value of a Dollar State % Correct
$0.87New York
100%
$0.97Washington
97%
$0.89California
97%
$0.87New Jersey
90%
$0.94Alaska
87%
$0.93Massachusetts
87%
$0.90Maryland
87%
$0.86Hawaii
87%
$0.92Connecticut
81%
$0.94New Hampshire
68%

Score Distribution

Percentile by Number Answered

Percent of People with Each Score

Your Score History

You have not taken this quiz